| 000 | 00790cab a2200241 4500 | ||
|---|---|---|---|
| 001 | ABS44432 | ||
| 008 | 090401t1991 xxu||||| |||| 00| 0 eng d | ||
| 035 | _a(Sirsi) u47062 | ||
| 041 | _aeng | ||
| 100 | _aGower, C. | ||
| 245 | 4 | _aThe computerised street works register | |
| 260 | _c1991 | ||
| 350 | _a0 | ||
| 490 |
_aMapping Awareness _v5(3) April 1991, 22-23 (2) |
||
| 520 | _aSummarises the history of this venture, which will coordinate road work activity, and which will link up with local authorities ` GIS . | ||
| 650 | _aCOMPUTERS | ||
| 650 | _aNEW ROADS AND STREET WORKS BILL | ||
| 650 | _aPUBLIC UTILITIES AND STREET WORKS ACT 1950 | ||
| 690 | _aMANAGEMENT-BUSINESS MANAGEMENT-INFORMATION MANAGEMENT | ||
| 700 | _aCooke, D.J. | ||
| 942 | _n0 | ||
| 948 | _c04/03/1997 | ||
| 999 |
_c29681 _d29681 |
||